[Event "Muensterland Regionalliga playoff 9-12"]
[Site "Germany"]
[Date "2023.03.18"]
[Round "1.3"]
[White "Rebber, Christian"]
[Black "Grotenhuis, Gerard"]
[Result "1-0"]
[WhiteElo "1848"]
[BlackElo "1901"]
[PlyCount "85"]
[EventDate "2022.03.18"]
[EventType "team-k.o."]
[EventRounds "2"]
[EventCountry "GER"]
[SourceTitle "EXT 2024"]
[Source "ChessBase"]
[SourceDate "2023.10.10"]
[SourceVersion "1"]
[SourceVersionDate "2023.10.10"]
[SourceQuality "1"]
[WhiteTeam "Duelmen"]
[BlackTeam "Metelen"]
[WhiteTeamCountry "GER"]
[BlackTeamCountry "GER"]

1. b4 d5 2. Bb2 Qd6 3. a3 e5 4. e3 Nf6 5. Nf3 Nbd7 6. Be2 c6 7. b5 c5 8. d3 Qc7 9. Nbd2 d4 10. exd4 exd4 11. a4 b6 12. 0-0 Bd6 13. Nc4 Bf4 14. g3 Bh6 15. Re1 0-0 16. Nfd2 Bb7 17. Bf3 Nd5 18. Ne4 Rad8 19. Ned6 Ba8 20. Nf5 Bg5 21. Bxd5 Bxd5 22. Qg4 h6 23. Ne7+ Bxe7 24. Rxe7 Bxc4 25. dxc4 Qd6 26. Rae1 Nf6 27. Qf3 Rd7 28. R7e2 Nh7 29. Bc1 Qg6 30. h4 f5 31. Re6 Nf6 32. Qc6 Rfd8 33. Bf4 Kh7 34. Be5 Rf7 35. Bxf6 gxf6 36. Re7 Rdf8 37. Qc7 Kg7 38. Qxa7 f4 39. Rxf7+ Rxf7 40. Re7 fxg3 41. Rxf7+ Qxf7 42. Qxf7+ Kxf7 43. a5 1-0

[Event "Hoogeveen Amateurs op 25th"]
[Site "Hoogeveen"]
[Date "2022.10.21"]
[Round "6.2"]
[White "Grotenhuis, Gerard"]
[Black "Van der Werff, Frank"]
[Result "0-1"]
[WhiteElo "2012"]
[BlackElo "1942"]
[PlyCount "130"]
[EventDate "2022.10.15"]
[EventType "swiss"]
[EventRounds "7"]
[EventCountry "NED"]
[SourceTitle "CBM 210 Extra"]
[Source "ChessBase"]
[SourceDate "2022.11.30"]
[SourceVersion "1"]
[SourceVersionDate "2022.11.30"]
[SourceQuality "1"]

1. b3 e5 2. Bb2 Nc6 3. e3 d5 4. Bb5 Nge7 5. Nf3 e4 6. Ne5 Bd7 7. Nxd7 Qxd7 8. d4 0-0-0 9. Nd2 f5 10. c4 a6 11. Ba4 Qe6 12. a3 f4 13. Qe2 fxe3 14. fxe3 g6 15. 0-0-0 h5 16. Kb1 Bh6 17. Rc1 Qg4 18. Qxg4+ hxg4 19. Rhe1 Na7 20. b4 Nf5 21. Rc3 b5 22. cxb5 Nxb5 23. Bxb5 axb5 24. Nb3 Bf8 25. Nc5 Bxc5 26. Rxc5 Rxh2 27. Re2 g3 28. Bc3 Rd6 29. Rxb5 c6 30. Rc5 Rh1+ 31. Kc2 Rf1 32. Be1 Kb7 33. a4 Rf6 34. b5 Rf2 35. Bxf2 gxf2 36. Rxf2 Nxe3+ 37. Kd2 Rxf2+ 38. Kxe3 Rxg2 39. bxc6+ Kc7 40. a5 Rg3+ 41. Kf4 Rf3+ 42. Ke5 e3 43. Rc1 e2 44. Re1 Kxc6 45. Rxe2 Kb5 46. Kxd5 Kxa5 47. Rb2 g5 48. Kc5 Rc3+ 49. Kd6 g4 50. d5 g3 51. Ke5 Re3+ 52. Kd4 Re1 53. Kc5 Ka6 54. Kd6 Rf1 55. Rg2 Rf3 56. Kc6 Rc3+ 57. Kd7 Kb6 58. d6 Rf3 59. Rg1 Rb3 60. Rd1 g2 61. Kc8 Rc3+ 62. Kb8 Rg3 63. Rb1+ Kc6 64. d7 Kxd7 65. Rg1 Ke6 0-1

[Event "Hoogeveen Amateurs op 25th"]
[Site "Hoogeveen"]
[Date "2022.10.17"]
[Round "3.6"]
[White "Schol, Jan"]
[Black "Grotenhuis, Gerard"]
[Result "1/2-1/2"]
[WhiteElo "1752"]
[BlackElo "2012"]
[PlyCount "87"]
[EventDate "2022.10.15"]
[EventType "swiss"]
[EventRounds "7"]
[EventCountry "NED"]
[SourceTitle "CBM 210 Extra"]
[Source "ChessBase"]
[SourceDate "2022.11.30"]
[SourceVersion "1"]
[SourceVersionDate "2022.11.30"]
[SourceQuality "1"]

1. c4 f5 2. Nf3 Nf6 3. g3 e6 4. Bg2 c6 5. b3 d5 6. Ba3 Bxa3 7. Nxa3 Qe7 8. Qc1 Nbd7 9. Qb2 0-0 10. 0-0 Ne4 11. Rac1 g5 12. d3 Nd6 13. Nb1 e5 14. cxd5 cxd5 15. Nc3 Nb6 16. Nd2 e4 17. f4 g4 18. dxe4 fxe4 19. e3 Bd7 20. a4 Bc6 21. Ndb1 Nf5 22. Qe2 h5 23. Rfd1 a5 24. Nb5 Bxb5 25. axb5 a4 26. bxa4 Nc4 27. Rxd5 Ncxe3 28. Re5 Qd6 29. Bxe4 Rac8 30. Qa2+ Kg7 31. Qb2 Rxc1+ 32. Qxc1 Rf7 33. Qd2 Qb6 34. Kh1 h4 35. Bxf5 Nxf5 36. gxh4 Qf6 37. Qf2 Rc7 38. Qd2 Nxh4 39. Rg5+ Kh6 40. Rxg4 Nf3 41. Qd1 Nd4 42. Qf1 Rc5 43. Nd2 Qe6 44. Rh4+ 1/2-1/2

[Event "Muensterland Regionalliga Gr1 2223"]
[Site "Germany"]
[Date "2022.09.03"]
[Round "1.4"]
[White "Grotenhuis, Gerard"]
[Black "Kipp, Lucas"]
[Result "0-1"]
[WhiteElo "1931"]
[BlackElo "1913"]
[PlyCount "109"]
[EventDate "2022.09.03"]
[EventType "team-tourn"]
[EventRounds "7"]
[EventCountry "GER"]
[SourceTitle "EXT 2024"]
[Source "ChessBase"]
[SourceDate "2023.10.10"]
[SourceVersion "1"]
[SourceVersionDate "2023.10.10"]
[SourceQuality "1"]
[WhiteTeam "Metelen"]
[BlackTeam "Saerbeck"]
[WhiteTeamCountry "GER"]
[BlackTeamCountry "GER"]

1. b3 d6 2. Bb2 Bg4 3. h3 Bh5 4. Nf3 Nd7 5. g4 Bg6 6. Bg2 c6 7. Nc3 Ngf6 8. d4 e6 9. Nh4 d5 10. Nxg6 hxg6 11. Qd3 Qa5 12. 0-0-0 Ba3 13. f4 0-0-0 14. Rdf1 Bd6 15. Kb1 Qc7 16. Bc1 Kb8 17. e4 dxe4 18. Nxe4 Nxe4 19. Bxe4 Nf6 20. c4 Rhe8 21. Bf3 e5 22. g5 e4 23. Qc3 exf3 24. gxf6 gxf6 25. Qxf3 f5 26. Re1 Qa5 27. Qf2 Qc3 28. Qd2 Qxd2 29. Bxd2 Re4 30. Rxe4 fxe4 31. Be3 Be7 32. Kc2 Bf6 33. f5 Bxd4 34. Bf4+ Kc8 35. fxg6 fxg6 36. Re1 Re8 37. b4 b6 38. Be3 c5 39. bxc5 bxc5 40. Bf4 Kd7 41. Re2 Re6 42. Bg3 Ke7 43. Bh4+ Kd6 44. Rg2 Be3 45. Bg5 Bd4 46. Kd2 Ke5 47. Be3 Ra6 48. Rg5+ Kf6 49. Bxd4+ Kxg5 50. Bxc5 Rxa2+ 51. Ke3 Kf5 52. Bd6 Ra6 53. Bb8 Ra3+ 54. Kd4 e3 55. c5 0-1

[Event "Muensterland Verbandsliga 1819 playoff"]
[Site "Germany"]
[Date "2019.05.25"]
[Round "2.4"]
[White "Iking, Bernhard"]
[Black "Grotenhuis, Gerard"]
[Result "0-1"]
[WhiteElo "1753"]
[BlackElo "1911"]
[PlyCount "58"]
[EventDate "2019.05.18"]
[EventType "team-k.o."]
[EventRounds "2"]
[EventCountry "GER"]
[SourceTitle "CBM 190 Extra"]
[Source "ChessBase"]
[SourceDate "2019.07.15"]
[SourceVersion "1"]
[SourceVersionDate "2019.07.15"]
[SourceQuality "1"]
[WhiteTeam "Gescher"]
[BlackTeam "Metelen"]
[WhiteTeamCountry "GER"]
[BlackTeamCountry "GER"]

1. d4 d5 2. c4 e6 3. Nf3 c6 4. Nc3 f5 5. cxd5 exd5 6. Bg5 Nf6 7. e3 Bd6 8. Bd3 0-0 9. Qc2 Qe8 10. Bxf6 Rxf6 11. 0-0-0 b5 12. g4 Na6 13. a3 b4 14. Bxa6 bxc3 15. Bxc8 cxb2+ 16. Qxb2 Rxc8 17. g5 Rf7 18. Rd3 Qe4 19. Qe2 c5 20. Kd2 c4 21. Rc3 Rb7 22. Rhc1 Bc7 23. Kd1 Ba5 24. R3c2 Rb3 25. Nd2 Rd3 26. f3 Qxe3 27. Qxe3 Rxe3 28. Rb1 Rce8 29. Kc1 c3 0-1

[Event "Muensterland Verbandsliga 1819"]
[Site "Germany"]
[Date "2018.12.15"]
[Round "5.3"]
[White "Grotenhuis, Gerard"]
[Black "Rebber, Christian"]
[Result "1/2-1/2"]
[WhiteElo "1904"]
[BlackElo "1817"]
[PlyCount "129"]
[EventDate "2018.09.01"]
[EventType "team-tourn"]
[EventRounds "9"]
[EventCountry "GER"]
[SourceTitle "EXT 2020"]
[Source "ChessBase"]
[SourceDate "2019.10.17"]
[SourceVersion "1"]
[SourceVersionDate "2019.10.17"]
[SourceQuality "1"]
[WhiteTeam "Metelen"]
[BlackTeam "Duelmen"]
[WhiteTeamCountry "GER"]
[BlackTeamCountry "GER"]

1. b3 Nf6 2. Bb2 d6 3. c4 e5 4. g3 Be7 5. Bg2 0-0 6. Nc3 c6 7. d4 Qc7 8. e4 a5 9. Nge2 b6 10. 0-0 Bb7 11. f4 Nbd7 12. Qd2 Rfd8 13. Rad1 Nf8 14. h3 Ne6 15. f5 Nxd4 16. Nxd4 exd4 17. Qxd4 d5 18. Na4 dxe4 19. Qe3 c5 20. g4 h6 21. Nc3 Bc6 22. Rxd8+ Rxd8 23. Nxe4 Nxe4 24. Bxe4 Bg5 25. Qf3 Bxe4 26. Qxe4 Qg3+ 27. Qg2 Be3+ 28. Kh1 Qxg2+ 29. Kxg2 Rd2+ 30. Kf3 Rxb2 31. Kxe3 Rxa2 32. Kd3 Kf8 33. f6 Rh2 34. Rf3 Ra2 35. Ke4 Rd2 36. Rf5 Rd4+ 37. Ke3 Rd6 38. fxg7+ Kxg7 39. Rf3 Kg6 40. Rf5 Rd4 41. Re5 Rd1 42. Ke2 Rb1 43. Re3 f6 44. Kd2 Rb2+ 45. Kc3 Rh2 46. Rd3 Rh1 47. Rf3 Rh2 48. Kd3 Ra2 49. Re3 a4 50. Re6 axb3 51. Rxb6 Rh2 52. Ke4 Rd2 53. Rxb3 Rd4+ 54. Kf3 Rxc4 55. Kg3 Rb4 56. Rc3 c4 57. Kf4 Rb3 58. Rxc4 Rxh3 59. Rc5 Rb3 60. Ra5 Rb4+ 61. Kg3 Re4 62. Rf5 Re5 63. Rf2 Kg5 64. Kf3 Ra5 65. Kg2 1/2-1/2

[Event "Muensterland Verbandsliga 1819"]
[Site "Germany"]
[Date "2018.11.24"]
[Round "4.4"]
[White "Grotenhuis, Gerard"]
[Black "Hoffmann, Fabian"]
[Result "0-1"]
[WhiteElo "1904"]
[BlackElo "1945"]
[PlyCount "40"]
[EventDate "2018.09.01"]
[EventType "team-tourn"]
[EventRounds "9"]
[EventCountry "GER"]
[SourceTitle "EXT 2020"]
[Source "ChessBase"]
[SourceDate "2019.10.17"]
[SourceVersion "1"]
[SourceVersionDate "2019.10.17"]
[SourceQuality "1"]
[WhiteTeam "Metelen"]
[BlackTeam "Raesfeld Erle II"]
[WhiteTeamCountry "GER"]
[BlackTeamCountry "GER"]

1. b3 d5 2. Bb2 Bf5 3. e3 Nf6 4. f4 e6 5. Nf3 Be7 6. Ne5 Ne4 7. Be2 Bh4+ 8. g3 Bf6 9. d3 Nc5 10. Nd2 Nbd7 11. Ndf3 Nxe5 12. fxe5 Be7 13. Nd4 Bg6 14. h4 h6 15. Bg4 c6 16. a4 Qa5+ 17. Qd2 Nxd3+ 18. Ke2 Qxd2+ 19. Kxd2 Nf2 20. Bxe6 Nxh1 0-1

[Event "Muensterland Verbandsliga 1718"]
[Site "Germany"]
[Date "2018.01.20"]
[Round "5.4"]
[White "Grotenhuis, Gerard"]
[Black "Wetterau, Georg"]
[Result "1/2-1/2"]
[WhiteElo "1902"]
[BlackElo "1805"]
[PlyCount "87"]
[EventDate "2017.09.09"]
[EventType "team-tourn"]
[EventRounds "9"]
[EventCountry "GER"]
[SourceTitle "EXT 2019"]
[Source "ChessBase"]
[SourceDate "2018.10.10"]
[SourceVersion "1"]
[SourceVersionDate "2018.10.10"]
[SourceQuality "1"]
[WhiteTeam "Metelen"]
[BlackTeam "Nienberge II"]
[WhiteTeamCountry "GER"]
[BlackTeamCountry "GER"]

1. b3 e5 2. Bb2 d6 3. e3 Nd7 4. c4 Ngf6 5. Nc3 g6 6. Qc2 Bg7 7. Nf3 0-0 8. d4 exd4 9. exd4 Re8+ 10. Be2 Nf8 11. 0-0 Bf5 12. Bd3 Bg4 13. Ng5 Nh5 14. Nce4 f5 15. Nf7 Kxf7 16. f3 Bh3 17. Ng3 Bxg2 18. Qxg2 Nf4 19. Qc2 Nxd3 20. Qxd3 Kg8 21. Kh1 Ne6 22. Qd2 Qf6 23. Rad1 c5 24. Ne2 cxd4 25. Nxd4 Nxd4 26. Bxd4 Qxd4 27. Qxd4 Bxd4 28. Rxd4 Re2 29. Rxd6 Rxa2 30. Rfd1 Re8 31. Rd8 Kf8 32. R1d7 Rxd8 33. Rxd8+ Ke7 34. Rh8 b6 35. Rxh7+ Kf6 36. f4 Rb2 37. Rxa7 Rxb3 38. Kg2 Rc3 39. Rb7 Rxc4 40. Rxb6+ Kg7 41. Kg3 Rc3+ 42. Kf2 Kh6 43. Kg2 Kh5 44. h3 1/2-1/2

[Event "Muensterland Verbandsliga 1718"]
[Site "Germany"]
[Date "2017.09.09"]
[Round "1.4"]
[White "Grotenhuis, Gerard"]
[Black "Sicking, Norbert"]
[Result "1-0"]
[WhiteElo "1902"]
[BlackElo "1801"]
[PlyCount "39"]
[EventDate "2017.09.09"]
[EventType "team-tourn"]
[EventRounds "9"]
[EventCountry "GER"]
[SourceTitle "EXT 2019"]
[Source "ChessBase"]
[SourceDate "2018.10.10"]
[SourceVersion "1"]
[SourceVersionDate "2018.10.10"]
[SourceQuality "1"]
[WhiteTeam "Metelen"]
[BlackTeam "Heiden"]
[WhiteTeamCountry "GER"]
[BlackTeamCountry "GER"]

1. b3 d5 2. Bb2 e6 3. e3 Nf6 4. f4 c5 5. Nf3 Nc6 6. Bb5 Bd7 7. 0-0 a6 8. Bxc6 Bxc6 9. Ne5 Bd6 10. d3 0-0 11. Nd2 Bxe5 12. fxe5 Nd7 13. Qg4 h6 14. Rf3 Qe7 15. Raf1 Kh7 16. Rg3 Rg8 17. Nf3 Raf8 18. Bc1 f5 19. Qg6+ Kh8 20. Ng5 1-0

[Event "Muensterland Verbandsklasse 1617"]
[Site "Germany"]
[Date "2017.05.20"]
[Round "9.5"]
[White "Radinger, Rudolf"]
[Black "Grotenhuis, Gerard"]
[Result "0-1"]
[WhiteElo "1634"]
[BlackElo "1871"]
[PlyCount "150"]
[EventDate "2016.09.24"]
[EventType "team"]
[EventRounds "9"]
[EventCountry "GER"]
[SourceTitle "EXT 2018"]
[Source "ChessBase"]
[SourceDate "2017.10.13"]
[SourceVersion "1"]
[SourceVersionDate "2017.10.13"]
[SourceQuality "1"]
[WhiteTeam "Beelen II"]
[BlackTeam "Metelen"]
[WhiteTeamCountry "GER"]
[BlackTeamCountry "GER"]

1. e4 d5 2. exd5 Qxd5 3. Nc3 Qd6 4. Nf3 Nf6 5. d4 Bg4 6. Be2 Nc6 7. 0-0 h6 8. Nb5 Qd7 9. c3 a6 10. Na3 0-0-0 11. Nc4 e6 12. Nce5 Nxe5 13. Nxe5 Bxe2 14. Qxe2 Qe8 15. Bf4 g5 16. Bg3 Nd5 17. Rfe1 h5 18. h3 f5 19. Bh2 g4 20. Nd3 gxh3 21. Qxe6+ Qxe6 22. Rxe6 Rg8 23. Bg3 Bd6 24. Bxd6 Rxg2+ 25. Kh1 cxd6 26. Rae1 Rg4 27. Kh2 Kd7 28. Rh6 Nf4 29. Nxf4 Rxf4 30. Re2 Rg8 31. Kxh3 Rg1 32. Kh2 Rg5 33. Kh3 Re4 34. Rxe4 fxe4 35. Rh7+ Kc6 36. Rf7 Rg1 37. Rf4 Re1 38. Kh4 d5 39. a4 Rb1 40. Rf6+ Kc7 41. Rf7+ Kb6 42. b4 a5 43. Rf6+ Ka7 44. bxa5 Rb3 45. a6 b6 46. Rc6 Rb2 47. c4 dxc4 48. Rxc4 Rxf2 49. d5 Rd2 50. Rxe4 Rxd5 51. Rf4 Kxa6 52. Re4 Ka5 53. Rf4 Rd1 54. Kxh5 Ra1 55. Kg5 Rxa4 56. Rf8 b5 57. Ra8+ Kb4 58. Rb8 Kc4 59. Kf4 Kd3+ 60. Kf3 b4 61. Rd8+ Kc2 62. Rc8+ Kb2 63. Ke2 b3 64. Kd2 Rd4+ 65. Ke3 Rd6 66. Rb8 Kc2 67. Rc8+ Kb1 68. Rb8 b2 69. Rb7 Kc2 70. Rc7+ Kd1 71. Rb7 Rd2 72. Rb6 Ke1 73. Rh6 Kd1 74. Rb6 Kc1 75. Rc6+ Rc2 0-1

[Event "Muensterland Regionalliga 1314"]
[Site "Germany"]
[Date "2013.09.07"]
[Round "1.8"]
[White "Grotenhuis, Gerard"]
[Black "Pinno, Gregor"]
[Result "1-0"]
[WhiteElo "1930"]
[BlackElo "1735"]
[PlyCount "67"]
[EventDate "2013.09.07"]
[EventType "team-tourn"]
[EventRounds "9"]
[EventCountry "GER"]
[SourceTitle "EXT 2015"]
[Source "ChessBase"]
[SourceDate "2014.11.20"]
[SourceVersion "1"]
[SourceVersionDate "2014.11.20"]
[SourceQuality "1"]
[WhiteTeam "Gronau"]
[BlackTeam "Olfen"]
[WhiteTeamCountry "GER"]
[BlackTeamCountry "GER"]

1. b3 Nf6 2. Bb2 d6 3. e3 g6 4. Nc3 Bg7 5. d4 0-0 6. h4 Re8 7. Nf3 Nbd7 8. Be2 e5 9. dxe5 Nxe5 10. Nxe5 Rxe5 11. g4 Re7 12. h5 Ne4 13. hxg6 hxg6 14. Qd3 c6 15. Nxe4 Bxb2 16. Rb1 Bg7 17. Qxd6 Qa5+ 18. b4 Qe5 19. Bf3 Bxg4 20. Qxe5 Rxe5 21. Bxg4 Rxe4 22. Bf3 Rxb4 23. Ke2 a5 24. a3 Rc4 25. Rxb7 Rxc2+ 26. Kf1 Rc8 27. Rh4 Rc3 28. Ra4 Rc5 29. Rf4 Rf8 30. Re4 Be5 31. Be2 Rc8 32. f4 Bf6 33. Rc4 Rb5 34. Rxb5 1-0

[Event "Muensterland Verbandsklasse-A 1011"]
[Site "Germany"]
[Date "2010.11.13"]
[Round "3.7"]
[White "Grotenhuis, Gerard"]
[Black "Kloster, Daniel"]
[Result "1/2-1/2"]
[WhiteElo "1912"]
[BlackElo "1641"]
[PlyCount "35"]
[EventDate "2010.09.18"]
[EventType "team-tourn"]
[EventRounds "9"]
[EventCountry "GER"]
[SourceTitle "EXT 2012"]
[Source "ChessBase"]
[SourceDate "2011.11.24"]
[SourceVersion "1"]
[SourceVersionDate "2011.11.24"]
[SourceQuality "1"]
[WhiteTeam "Gronau"]
[BlackTeam "Stadtlohn"]
[WhiteTeamCountry "GER"]
[BlackTeamCountry "GER"]

1. b3 d5 2. Bb2 Bf5 3. Nf3 e6 4. Nd4 Bg6 5. h4 h6 6. h5 Bh7 7. d3 Nf6 8. Nd2 Bc5 9. e3 Nbd7 10. Qe2 c6 11. 0-0-0 a5 12. a4 Qe7 13. g4 Ba3 14. f4 Bxb2+ 15. Kxb2 e5 16. g5 exd4 17. gxf6 Nxf6 18. exd4 1/2-1/2

[Event "Muensterland Verbandsklasse-A 0708"]
[Site "Germany"]
[Date "2007.10.20"]
[Round "2.2"]
[White "Grotenhuis, Gerard"]
[Black "Broemmel, Rudolf"]
[Result "1/2-1/2"]
[WhiteElo "1969"]
[BlackElo "1960"]
[PlyCount "115"]
[EventDate "2007.09.22"]
[EventType "team"]
[EventRounds "9"]
[EventCountry "GER"]
[SourceTitle "EXT 2009"]
[Source "ChessBase"]
[SourceDate "2008.11.26"]
[SourceVersion "1"]
[SourceVersionDate "2008.11.26"]
[SourceQuality "1"]
[WhiteTeam "Gronau"]
[BlackTeam "Raesfeld Erle"]
[WhiteTeamCountry "GER"]
[BlackTeamCountry "GER"]

1. b3 Nf6 2. Bb2 g6 3. e4 d6 4. g3 Bg7 5. Bg2 c5 6. Ne2 e5 7. 0-0 Nc6 8. a4 0-0 9. Na3 d5 10. exd5 Nxd5 11. Nc4 Be6 12. f4 Qc7 13. a5 Rad8 14. Ra4 Ndb4 15. Bxc6 Bxc4 16. Bg2 Bb5 17. Ra1 Bxe2 18. Qxe2 Nxc2 19. Rac1 Nd4 20. Bxd4 Rxd4 21. Qb5 b6 22. fxe5 Bxe5 23. d3 Rd6 24. b4 Qd7 25. Qxd7 Rxd7 26. axb6 axb6 27. bxc5 Bd4+ 28. Kh1 Bxc5 29. Rfd1 Rfd8 30. Bf1 f5 31. Kg2 Kf7 32. Rc4 Rd4 33. Rdc1 Kf6 34. Rxd4 Rxd4 35. Rc4 Ke5 36. Be2 g5 37. h3 f4 38. g4 Kd6 39. Kf3 Kd5 40. Rc1 Ra4 41. Rh1 Be3 42. h4 gxh4 43. g5 Kd4 44. Rxh4 Ra7 45. Rh6 Rg7 46. Rxb6 Rxg5 47. Rb4+ Kc3 48. Rb7 h5 49. Ke4 Kd2 50. Bf3 Ra5 51. Rb4 Ke1 52. d4 Kf2 53. Rb2+ Kg3 54. Rg2+ Kh3 55. Rg6 Ra4 56. Bxh5 Kh4 57. Be2 Rxd4+ 58. Kf3 1/2-1/2

[Event "Muensterland Verbandsliga 0607"]
[Site "Germany"]
[Date "2007.01.27"]
[Round "5.4"]
[White "Grotenhuis, Gerard"]
[Black "Hoge, Reinhard"]
[Result "0-1"]
[WhiteElo "1952"]
[BlackElo "1957"]
[PlyCount "82"]
[EventDate "2006.09.16"]
[EventType "team"]
[EventRounds "9"]
[EventCountry "GER"]
[SourceTitle "EXT 2008"]
[Source "ChessBase"]
[SourceDate "2007.11.25"]
[SourceVersion "1"]
[SourceVersionDate "2007.11.25"]
[SourceQuality "1"]
[WhiteTeam "Gronau"]
[BlackTeam "Saerbeck"]
[WhiteTeamCountry "GER"]
[BlackTeamCountry "GER"]

1. b3 Nf6 2. Bb2 g6 3. e4 Bg7 4. f4 0-0 5. e5 Ne8 6. Nf3 d6 7. Bc4 d5 8. Be2 c5 9. d4 cxd4 10. Nxd4 Nc6 11. 0-0 f6 12. Nf3 Bg4 13. h3 Bxf3 14. Bxf3 e6 15. Qe2 fxe5 16. fxe5 Qb6+ 17. Kh1 Nc7 18. Na3 Nd4 19. Qe3 Nxf3 20. Qxb6 axb6 21. gxf3 Rf5 22. f4 Bf8 23. Nb1 Bh6 24. Bd4 Bxf4 25. Bxb6 Bxe5 26. Rxf5 gxf5 27. c3 Nb5 28. a4 Nxc3 29. Nxc3 Bxc3 30. Rc1 d4 31. Kg2 Kf7 32. Kf3 e5 33. Rc2 Rg8 34. b4 Ke6 35. b5 e4+ 36. Kf2 f4 37. a5 f3 38. Rxc3 Rg2+ 39. Kf1 dxc3 40. a6 bxa6 41. bxa6 Ra2 0-1

[Event "Muensterland Verbandsliga 0506"]
[Site "Germany"]
[Date "2006.03.11"]
[Round "8.8"]
[White "Mueller, Achim"]
[Black "Grotenhuis, Gerard"]
[Result "0-1"]
[WhiteElo "1877"]
[BlackElo "1911"]
[PlyCount "127"]
[EventDate "2005.08.27"]
[EventType "team"]
[EventRounds "9"]
[EventCountry "GER"]
[SourceTitle "EXT 2006"]
[Source "ChessBase"]
[SourceDate "2005.11.24"]
[SourceVersion "1"]
[SourceVersionDate "2005.11.24"]
[SourceQuality "1"]
[WhiteTeam "Rheine Klein Berlin"]
[BlackTeam "Gronau"]
[WhiteTeamCountry "GER"]
[BlackTeamCountry "GER"]

1. e4 d5 2. exd5 Qxd5 3. Nc3 Qd6 4. d4 Nf6 5. Bc4 a6 6. Nge2 Nc6 7. Bf4 e5 8. dxe5 Nxe5 9. Bb3 Bg4 10. Qd4 Qxd4 11. Nxd4 Bd6 12. f3 c5 13. Nde2 Bd7 14. 0-0-0 Bc7 15. Nd5 Nxd5 16. Rxd5 f6 17. Rxc5 Rc8 18. Bxe5 Bxe5 19. Rxc8+ Bxc8 20. f4 Bb8 21. g3 Ba7 22. Nc3 Bg4 23. Re1+ Kd7 24. Nd5 Re8 25. Nb6+ Kd8 26. Rxe8+ Kxe8 27. Nd5 Bg1 28. Kd2 Bxh2 29. Ne3 Bh3 30. Ke2 Bxg3 31. Kf3 Bh4 32. Bd5 b6 33. Bb7 a5 34. Bc6+ Kf7 35. Nd5 Be6 36. Nxb6 Bxa2 37. b3 Ke6 38. Be4 f5 39. Bd3 Be1 40. Na4 h6 41. c4 g5 42. Bc2 g4+ 43. Ke2 Bb4 44. Nb2 Bd6 45. Nd3 a4 46. bxa4 Bxc4 47. Ke3 h5 48. a5 h4 49. a6 Bxa6 50. Bb3+ Kd7 51. Bd5 Bxd3 52. Kxd3 Bxf4 53. Ke2 Kd6 54. Bb7 Ke5 55. Kf2 Bc1 56. Kg2 f4 57. Bc6 Kd4 58. Bd7 f3+ 59. Kh2 Bf4+ 60. Kh1 g3 61. Bh3 Ke3 62. Kg1 Ke2 63. Bf1+ Ke1 64. Kh1 0-1